Statistiken für Die größten Städte Deutschlands mit K

Klicken Sie hier um das Quiz zu spielen!

Allgemein

  • Dieses Quiz wurde 348 mal gespielt
  • Das Durchschnittsergebnis liegt bei 5 aus 13

Antwortstatistiken

BundeslandStadt% Korrekt
Nordrhein-WestfallenKöln
94%
Baden-WürttembergKarlsruhe
88%
Rheinland-PfalzKoblenz
81%
Schleswig-HolsteinKiel
79%
HessenKassel
71%
BayernKempten (Allgäu)
58%
Sachsen-AnhaltKöthen (Anhalt)
23%
BrandenburgKönigs Wusterhausen
18%
SachsenKamenz
12%
Mecklenburg-VorpommernKühlungsborn
6%
SaarlandKleinblittersdorf
3%
ThüringenKindelbrück
2%
NiedersachsenKirchdorf
2%

Verteilung der Resultate

Perzentil nach korrekt beantworteten Fragen

Anzahl Personen mit jedem Resultat

Ihre Resultats-Entwicklung

Sie haben dieses Quiz noch nicht gespielt